| 000 | 00447nam a2200169 4500 | ||
|---|---|---|---|
| 001 | 108365 | ||
| 003 | ES-MaACL | ||
| 005 | 20230906184630.0 | ||
| 007 | t| | ||
| 008 | 061121s1967 sp r ||||1| spa d | ||
| 100 | 1 |
_aMoncada, Santiago. _982121 |
|
| 245 | 1 | 3 |
_aEl "stress" _b: novela / _cSantiago Moncada. |
| 250 | _a1ยช. ed. | ||
| 260 |
_aBarcelona : _bPlaneta, _c1967. |
||
| 300 |
_a250 p. ; _c19 cm. |
||
| 852 |
_aES-MaACL _jC-32117 _bR.62705 |
||
| 999 |
_c108365 _d108365 |
||